000 00472nam a2200181Ia 4500
005 20250508160150.0
008 008 250505s9999 xx 000 0 eng d
037 _aTextual
040 _aFEDL
_beng
_cFEDL
041 _aeng
_2eng
084 _a370.7, MAH
_qFEDL
100 _aMahoney John J.
_9768020
245 0 _aTraining teacher's Americanization
300 _a61p
650 _aEducation
942 _cTEXL
_h370.7, MAH
999 _c1362361
_d1362361